000 00490cam a2200193u 4500
001 5942747
005 20180104051605.0
008 830608s1931 kyu 000 0 eng
010 _ae 32000078
040 _aDLC
_cCarP
_dDLC
041 _aeng
043 _an-us-ky
080 _a37 KEN
100 _a46
101 _aEDU
245 1 0 _aTeachers' manual and courses of study for the elementary schools ...
906 _a0
_bcbc
_cpremunv
_du
_encip
_f19
_gy-gencatlg
942 _2ddc
_cBK
999 _c39713
_d39713